00000000nam##2200000za#4500
0019.648420
003CaOODSP
00520210927150317
007ta
008150407|2002||||xxc|||||     f|0| 0 eng|d
020 |a0-662-31413-1
040 |aCaOODSP|beng
043 |an-cn---
0861 |aR2-188/2001E
1101 |aCanada. |bIndian and Northern Affairs Canada.
24513|aAn update on nutrition surveys in isolated northern communities / |cprepared by Judith Lawn.
260 |aOttawa - Ontario : |bIndian and Northern Affairs |c2002.
300 |aiv, 54p. : |breferences ; |c21 cm.
563 |aSpiral binding
590 |a02-16|b2002-04-19
69007|aNutrition|2gcpds
69007|aSurveys|2gcpds
69007|aNorthern Canada|2gcpds
69007|aIsolated communities|2gcpds
7201 |aLawn, Judith
77508|tLe point sur les enquêtes nutritionnelles menées auprès des collectivités isolées du Nord canadien / |w(CaOODSP)9.681706
7760#|tAn update on nutrition surveys in isolated northern communities / |w(CaOODSP)9.698064